<?xml version="1.0" encoding="UTF-8"?>
<record
    xmlns:xsi="http://www.w3.org/2001/XMLSchema-instance"
    xsi:schemaLocation="http://www.loc.gov/MARC21/slim http://www.loc.gov/standards/marcxml/schema/MARC21slim.xsd"
    xmlns="http://www.loc.gov/MARC21/slim">

  <leader>01174nam a22001937i 4500</leader>
  <datafield tag="999" ind1=" " ind2=" ">
    <subfield code="c">7001</subfield>
    <subfield code="d">7001</subfield>
  </datafield>
  <controlfield tag="003">OSt</controlfield>
  <controlfield tag="005">20240612121501.0</controlfield>
  <controlfield tag="008">170307s2016    spc          |||| f spa|d</controlfield>
  <datafield tag="017" ind1=" " ind2=" ">
    <subfield code="a">DL B. 22.288-2016</subfield>
  </datafield>
  <datafield tag="020" ind1=" " ind2=" ">
    <subfield code="a">9788416213894</subfield>
  </datafield>
  <datafield tag="040" ind1=" " ind2=" ">
    <subfield code="b">cat</subfield>
    <subfield code="c">CDMR</subfield>
  </datafield>
  <datafield tag="100" ind1="1" ind2=" ">
    <subfield code="a">Dunne, Dominick,</subfield>
  </datafield>
  <datafield tag="245" ind1="1" ind2="0">
    <subfield code="a">Una temporada en el purgatorio </subfield>
    <subfield code="c">/ Dominick Dunne ; traducci&#xF3;n de Eva Millet</subfield>
  </datafield>
  <datafield tag="260" ind1=" " ind2=" ">
    <subfield code="a">Barcelona :</subfield>
    <subfield code="b">Libros del Asteroide,</subfield>
    <subfield code="c">2016</subfield>
  </datafield>
  <datafield tag="300" ind1=" " ind2=" ">
    <subfield code="a">473 p&#xE0;gines ;</subfield>
    <subfield code="c">22 cm</subfield>
  </datafield>
  <datafield tag="520" ind1=" " ind2=" ">
    <subfield code="a">Los Bradley, una rica y poderosa familia norteamericana de origen irland&#xE9;s, saben como silenciar cualquier esc&#xE1;ndalo que pueda salpicar su reputaci&#xF3;n. Su implacable patriarca, Gerald Bradley, est&#xE1; empe&#xF1;ado en que su hijo predilecto, Constant, llegue un d&#xED;a a ser presidente de los Estados Unidos. Una noche de verano, despu&#xE9;s del baile en el club de campo, una joven es asesinada y Constant se convierte en el principal sospechoso del crimen. Veintid&#xF3;s a&#xF1;os m&#xE1;s tarde, el famoso escritor Harrison Burns, antiguo compa&#xF1;ero de colegio de Constant y viejo amigo de la familia, est&#xE1; decidido a confesar lo que sabe</subfield>
  </datafield>
  <datafield tag="700" ind1="1" ind2=" ">
    <subfield code="a">Millet, Eva,</subfield>
    <subfield code="d">1968-</subfield>
    <subfield code="e">traductor</subfield>
  </datafield>
  <datafield tag="942" ind1=" " ind2=" ">
    <subfield code="c">MON</subfield>
    <subfield code="2">udc</subfield>
  </datafield>
  <datafield tag="952" ind1=" " ind2=" ">
    <subfield code="0">0</subfield>
    <subfield code="1">0</subfield>
    <subfield code="4">0</subfield>
    <subfield code="7">0</subfield>
    <subfield code="a">CDMR</subfield>
    <subfield code="b">CDMR</subfield>
    <subfield code="d">2017-03-07</subfield>
    <subfield code="e">Intercanvi</subfield>
    <subfield code="g">24.95</subfield>
    <subfield code="l">1</subfield>
    <subfield code="m">1</subfield>
    <subfield code="o">Dj /66</subfield>
    <subfield code="p">CDMR17030002</subfield>
    <subfield code="r">2017-03-27</subfield>
    <subfield code="s">2017-03-07</subfield>
    <subfield code="v">24.95</subfield>
    <subfield code="w">2017-03-07</subfield>
    <subfield code="y">MON</subfield>
  </datafield>
</record>
